| 000 | 00736cam a22002171 4500 | ||
|---|---|---|---|
| 001 | sa 68017136 | ||
| 003 | DLC | ||
| 005 | 20260227112700.0 | ||
| 008 | 720830s1967 xx 000 0 ind | ||
| 010 | _asa 68017136 | ||
| 035 | _a(OCoLC)396008 | ||
| 040 |
_aDLC _cOAU _dDLC |
||
| 042 | _apremarc | ||
| 050 | 0 | 0 |
_aHC447 _b.D486 |
| 100 | 1 |
_aDiah, B. M., _d1916- |
|
| 245 | 0 | 0 |
_aPidato sambutan Menteri Penerangan R. I. pada penutupan up-grading wartawan P. W. I. Djaya, Seksi Ekonomi. _bDiselenggarakan pada tanggal 18 Nopember 1967 di Djakarta. |
| 260 |
_aDjakarta, _bDepartemen Penerangan R. I. _c[1967] |
||
| 300 |
_a11 p. _bport. _c21 cm. |
||
| 500 | _a"Penerbitan chusus, 468." | ||
| 651 | 0 |
_aIndonesia _xEconomic conditions _y1945- |
|
| 999 |
_c87537 _d87537 |
||